00567 2200205 4500001002100000005001500021035002000036007000300056008004100059020002200100082000800122084001400130100002500144245006300169250001100232260004800243300003800291650001300329700001900342INLIS00000000000061420210405100422 a0010-0421000067ta210405 g 0 ind  a978-602-063-241-1 a925 a925 JER b0 aJerome Polin Sijabat1 aBuku Latihan Soal :bMantappu Jiwa /cJerome Polin Sijabat acet.13 aJakarta :bPT Gramedia Pustaka Utama,c2021 a224 hlm. :bilus. ;c13,5 x 20 cm aBiografi0 aRuth Priscilia